000 00309nam a22001337a 4500
020 _a978-1-4095-4399-2
082 _a823
_bCOW/C
100 _aCOWING, SUE
245 _aCALL ME DROG
260 _aUNITED KINGDOM
_bUSBORNE PUBLISHING LTD
_c2011
300 _a317
650 _aNOVEL
_zUNITED KINGDOM
942 _cBK
999 _c2921
_d2921